Nghi lễ tang ma truyền thống của người K' Ho ở huyện Bảo Lâm, tỉnh Lâm Đồng /

में बचाया:
ग्रंथसूची विवरण
मुख्य लेखक: Đặng Thị Lưu.
स्वरूप: लेख
भाषा:Vietnamese
टैग : टैग जोड़ें
कोई टैग नहीं, इस रिकॉर्ड को टैग करने वाले पहले व्यक्ति बनें!
Thư viện lưu trữ: Thư viện Trường Đại học Đà Lạt
LEADER 00764nam a2200229 4500
001 DLU170182440
005 ##20171211
040 # # |a DLU  |b vie 
041 # # |a vie 
044 # # |a vn 
100 # # |a Đặng Thị Lưu. 
245 # # |a Nghi lễ tang ma truyền thống của người K' Ho ở huyện Bảo Lâm, tỉnh Lâm Đồng /  |c Đặng Thị Lưu. 
773 # # |t Trường Đại học Đà Lạt - Kỷ yếu hội nghị khoa học sau đại học 2014  |g 2014, tr. 245-250 
920 # # |a Phòng Sau đại học -- Trung tâm Thông tin - Thư viện Trường Đại học Đà Lạt 
994 # # |a DLU 
900 # # |a True 
911 # # |a Hoàng Thị Huyền 
925 # # |a G 
926 # # |a A 
927 # # |a BB 
980 # # |a Thư viện Trường Đại học Đà Lạt